| 000 | 00000nam##2200000za#4500 |
| 001 | 9.676842 |
| 003 | CaOODSP |
| 005 | 20210624230056 |
| 007 | cr ||||||||||| |
| 008 | 150407|1984||||xxc|||||o f|0| 0 fre|d |
| 040 | |aCaOODSP|bfre |
| 041 | |aeng |
| 041 | |afre |
| 043 | |an-cn--- |
| 086 | 1 |aA15-5188/1984-PDF |
| 110 | 1 |aCanada.|bAgriculture Canada. |bDirection générale de recherche. |
| 245 | 10|aPrime au mérite accordée aux employés d'Agriculture Canada pour leur contribution exceptionnelle en agriculture |h[ressource électronique] |
| 260 | |aOttawa - Ontario : |bAgriculture Canada. |cc1984. |
| 300 | |a40p.|bill. |
| 500 | |aPublication historique numérisée par Agriculture et Agroalimentaire Canada |
| 590 | |a15-03-Supp|b2015-03-13 |
| 691 | 07|aIndustrie agro-alimentaire|2gcpds |
| 791 | |tAgriculture Canada recipients of Merit Awards for outstanding contributions to agriculture |eeng|w(CaOODSP)9.676841 |
| 856 | 40|ahttp://publications.gc.ca|qPDF|s2797 Ko|uhttps://publications.gc.ca/collections/collection_2015/aac-aafc/A15-5188-1984.pdf |
| 986 | |aPublication 5188 |